[Event "Titled Tuesday intern op 13th Feb Late"]
[Site "Chess.com INT"]
[Date "2024.02.13"]
[Round "2"]
[White "Davalos Prieto, Abel"]
[Black "Kulon, Klaudia"]
[Result "0-1"]
[WhiteElo "1985"]
[BlackElo "2327"]
[PlyCount "64"]
[EventDate "2024.02.13"]
[EventType "swiss (blitz)"]
[EventRounds "11"]
[EventCountry "USA"]
[SourceTitle "CB08_2024"]
[SourceDate "2024.02.21"]
[SourceVersion "1"]
[SourceVersionDate "2024.02.21"]
[SourceQuality "1"]

1. d4 Nf6 2. Bf4 g6 3. Nc3 Bg7 4. e4 d6 5. Qd2 h6 6. h4 a6 7. 0-0-0 b5 8. f3 Nh5 9. Bh2 0-0 10. g4 Nf6 11. Bf4 Kh7 12. Nh3 Nfd7 13. h5 g5 14. Bxg5 hxg5 15. h6 Bf6 16. Bd3 e5 17. Nd5 Rg8 18. dxe5 Nxe5 19. Rdf1 Kh8 20. Kb1 c6 21. Nxf6 Qxf6 22. f4 Nxd3 23. cxd3 Bxg4 24. Nxg5 Nd7 25. h7 Rg7 26. Rh4 Be6 27. Rfh1 Nc5 28. Rh6 Qd4 29. f5 Bc4 30. f6 Qxd3+ 31. Qxd3 Bxd3+ 32. Ka1 Rxg5 0-1

[Event "EU-ch Blitz (Women)"]
[Site "Monaco"]
[Date "2024.01.12"]
[Round "5"]
[White "Osmak, Iulija"]
[Black "Kulon, Klaudia"]
[Result "0-1"]
[WhiteElo "2450"]
[BlackElo "2323"]
[PlyCount "98"]
[EventDate "2024.01.12"]
[EventType "swiss (blitz)"]
[EventRounds "13"]
[EventCountry "MNC"]
[SourceTitle "CB03_2024"]
[SourceDate "2024.01.17"]
[SourceVersion "1"]
[SourceVersionDate "2024.01.17"]
[SourceQuality "1"]

1. d4 Nf6 2. c4 g6 3. Nc3 Bg7 4. e4 d6 5. Be2 0-0 6. Be3 e5 7. d5 a5 8. g4 Na6 9. g5 Ne8 10. h4 f5 11. gxf6 Nxf6 12. h5 Nc5 13. hxg6 hxg6 14. Qc2 Ng4 15. Bxg4 Bxg4 16. Nge2 Bf3 17. Rh3 Bg4 18. Rg3 Bh5 19. 0-0-0 Qh4 20. Rdg1 Rf4 21. Nxf4 exf4 22. Bxc5 fxg3 23. fxg3 Qg5+ 24. Kb1 dxc5 25. g4 Bd4 26. Rg2 Bxg4 27. Nb5 Rf8 28. a3 Rf1+ 29. Ka2 Qh5 30. Nxc7 Qh1 31. Rxg4 Ra1+ 32. Kb3 Qf3+ 33. Ka4 Qxg4 34. Nb5 Be5 35. d6 Qd1 36. Qxd1 Rxd1 37. Kxa5 Bxd6 38. Kb6 g5 39. Nc3 Rd2 40. b4 cxb4 41. axb4 Bxb4 42. Nd5 Bd6 43. Kxb7 Kf7 44. Kc6 Bb8 45. Ne3 Rd4 46. c5 Rxe4 47. Nf5 Kg6 48. Nd6 Bxd6 49. cxd6 Rd4 0-1

[Event "Wroclaw POL-ROW (Women)"]
[Site "Wroclaw"]
[Date "2023.12.19"]
[Round "2.2"]
[White "Mammadova, Gulnar Marfat Qizi"]
[Black "Kulon, Klaudia"]
[Result "1/2-1/2"]
[WhiteElo "2350"]
[BlackElo "2321"]
[PlyCount "157"]
[EventDate "2023.12.18"]
[EventType "team-schev"]
[EventRounds "5"]
[EventCountry "POL"]
[SourceTitle "CB52_2023"]
[SourceDate "2023.12.27"]
[SourceVersion "1"]
[SourceVersionDate "2023.12.27"]
[SourceQuality "1"]
[WhiteTeam "Rest of the World"]
[BlackTeam "Poland"]
[BlackTeamCountry "POL"]

1. e4 c5 2. Nf3 Nc6 3. Bb5 g6 4. 0-0 Bg7 5. d3 Nf6 6. Nc3 0-0 7. Bxc6 dxc6 8. e5 Nd5 9. h3 Nc7 10. a4 a5 11. Re1 Ne6 12. b3 b6 13. Bb2 f5 14. exf6 exf6 15. Ne2 Ra7 16. Qd2 Re7 17. Rad1 Qc7 18. Qc1 Rfe8 19. Qa1 Ng5 20. Nxg5 fxg5 21. Nc3 Bxc3 22. Bxc3 g4 23. hxg4 Bxg4 24. Rxe7 Rxe7 25. Re1 Kf7 26. Qc1 Rxe1+ 27. Qxe1 h5 28. Qe3 Bf5 29. Qh6 Ke8 30. Qh8+ Kd7 31. Bf6 b5 32. Qg7+ Kc8 33. Qf8+ Kb7 34. Qxc5 bxa4 35. bxa4 Qf4 36. Bd4 Qc7 37. Be5 Qb6 38. Qe7+ Ka6 39. Qf8 c5 40. Kh2 Qc6 41. Qe7 Bd7 42. c4 Bf5 43. Qd8 Qd7 44. Qa8+ Kb6 45. Qb8+ Ka6 46. Bd6 Qc6 47. Bc7 Bxd3 48. Qc8+ Qb7 49. Qe6+ Ka7 50. Qd6 Qb3 51. Bxa5 Bxc4 52. Qxc5+ Ka6 53. Bb4 Kb7 54. a5 Bd5 55. Qb6+ Kc8 56. a6 Qc4 57. Ba5 Kd7 58. Qd8+ Ke6 59. Qe8+ Kf5 60. Qf8+ Ke6 61. a7 Qh4+ 62. Kg1 Qe4 63. Qe8+ Kf5 64. Qd7+ Qe6 65. Qd8 Qe4 66. Qc8+ Ke5 67. Bc3+ Kd6 68. Qb8+ Kd7 69. Qb5+ Bc6 70. Qg5 Qd3 71. Qf6 Qd1+ 72. Kh2 Qd6+ 73. Qxd6+ Kxd6 74. Kg3 Kc7 75. f3 Kb7 76. Bd4 Ba4 77. Kf4 Bc2 78. Kg5 Bb1 79. Kf4 1/2-1/2

[Event "Worclaw Litwinska Memorial KO"]
[Site "Wroclaw"]
[Date "2023.12.17"]
[Round "3.2"]
[White "Kulon, Klaudia"]
[Black "Maltsevskaya, Aleksandra"]
[Result "0-1"]
[WhiteElo "2321"]
[BlackElo "2384"]
[PlyCount "42"]
[EventDate "2023.12.17"]
[EventType "k.o. (rapid)"]
[EventRounds "4"]
[EventCountry "POL"]
[SourceTitle "CB52_2023"]
[SourceDate "2023.12.27"]
[SourceVersion "1"]
[SourceVersionDate "2023.12.27"]
[SourceQuality "1"]

1. d4 Nf6 2. c4 g6 3. Nc3 Bg7 4. e4 d6 5. h3 0-0 6. Be3 Na6 7. Qd2 c5 8. d5 e6 9. dxe6 Bxe6 10. 0-0-0 Qa5 11. Kb1 b5 12. Nxb5 Nb4 13. a3 Nxe4 14. Qe1 Bf5 15. Bd3 Nd2+ 16. Qxd2 Bxd3+ 17. Ka1 Bxc4 18. Nc3 Rab8 19. Nge2 Bxe2 20. Bh6 Bxh6 21. Qxh6 Nc2+ 0-1

[Event "Worclaw Litwinska Memorial KO"]
[Site "Wroclaw"]
[Date "2023.12.17"]
[Round "4.2"]
[White "Narva, Mai"]
[Black "Kulon, Klaudia"]
[Result "1-0"]
[WhiteElo "2403"]
[BlackElo "2321"]
[PlyCount "53"]
[EventDate "2023.12.17"]
[EventType "k.o. (rapid)"]
[EventRounds "4"]
[EventCountry "POL"]
[SourceTitle "CB52_2023"]
[SourceDate "2023.12.27"]
[SourceVersion "1"]
[SourceVersionDate "2023.12.27"]
[SourceQuality "1"]

1. e4 e5 2. Nf3 Nc6 3. Bb5 a6 4. Ba4 d6 5. d4 b5 6. Bb3 Nxd4 7. Nxd4 exd4 8. Bd5 Rb8 9. Qxd4 c5 10. Qd3 Nf6 11. Nc3 Be7 12. Bc6+ Nd7 13. Bf4 0-0 14. Bxd6 c4 15. Bxe7 Qxe7 16. Qg3 b4 17. Ne2 Ne5 18. Bd5 Rb6 19. f4 Rg6 20. Qf2 Ng4 21. Qf3 Nf6 22. f5 Rg5 23. 0-0-0 g6 24. Ng3 Nxd5 25. Rxd5 Bb7 26. f6 Rxg3 27. fxe7 1-0

[Event "POL-chT 1st League"]
[Site "Leba"]
[Date "2023.09.30"]
[Round "8.4"]
[White "Terbe, Julianna"]
[Black "Kulon, Klaudia"]
[Result "0-1"]
[WhiteElo "2304"]
[BlackElo "2319"]
[PlyCount "68"]
[EventDate "2023.09.23"]
[EventType "team-swiss"]
[EventRounds "9"]
[EventCountry "POL"]
[SourceTitle "EXT 2024"]
[Source "ChessBase"]
[SourceDate "2023.10.10"]
[SourceVersion "1"]
[SourceVersionDate "2023.10.10"]
[SourceQuality "1"]
[WhiteTeam "Jastrzebie Zdroj Pionier"]
[BlackTeam "Wrzos Miedzyborow"]
[WhiteTeamCountry "POL"]
[BlackTeamCountry "POL"]

1. d4 Nf6 2. c4 Nc6 3. Nc3 e5 4. d5 Ne7 5. e4 Ng6 6. h4 h5 7. f3 Bc5 8. Na4 Bb4+ 9. Kf2 Be7 10. Be3 d6 11. g3 0-0 12. Bh3 Nh7 13. Qd3 Bxh3 14. Nxh3 Qd7 15. Nc3 f5 16. exf5 Rxf5 17. Kg2 Raf8 18. Ng1 e4 19. fxe4 R5f7 20. Qe2 Ne5 21. Bd4 g6 22. Nh3 Nf3 23. Be3 Bxh4 24. Bf4 Bxg3 25. Bxg3 h4 26. Bf2 g5 27. e5 Nxe5 28. Ne4 Nf3 29. Rag1 Re8 30. Qxf3 Rxf3 31. Nhxg5 Nxg5 32. Nxg5 Qg4+ 33. Kf1 Rxf2+ 34. Kxf2 Qe2# 0-1